1415 1086 1031 1947 1251 1250 1464 1841 1415 1485 1620 1491 1066 1096 1464 1819 1488 1750 1240 1161 1428 1645 1421 1147 1399 1615 1710 1400 1650 1797 1966 1995 1521 1973 1440 1252 1545 1761 1383 1803 1542 1802 1523 1028 1699 1286 1441 1117 1024 1723 1223 1333 1873 1735 1003 1039 1954 1797 1042 1649 1652 1407 1215 1054 1615 1706 1753 1607 1133 1883 1879 1683 1762 1308 1305 1547 1892 1049 1478 1348 1881 1931 1092 1258 1879 1363 1062 1589 1525 1630 1854 1787 1130 1854 1939 1702 1255 1453 1170 BCNSPRNW ULIB Ver.6.0+V

เปลี่ยนเป็นภาษาไทย

Change to English
 แสดงรายละเอียดบรรณานุกรม
  กลับหน้าหลัก

Brief Record : Get Marc (ISO 2709) : E-mail record : QR code < ปิดหน้าต่าง
LEADER : 00000nam 2200000uu 4500
001    13399122230
003     ULIB
008    020711s2549 th a 000 0 tha d
020    9749950682
020    9789749950685
090    นว.^bY11จ
100    Yong Sok-gil
245    เจ้าพ่อเลือดทรนง 1/^cYong Sok-gil เขียน,Muzume แปล
260    กรุงเทพฯ :^bsiam inter books,^c2549
300    435 หน้า
500     มี 2 เล่ม
700    (...no)Muzume,^eแปล
945    ^p265^l0^i019593
999    ^aทศพร
รายการนี้ยังไม่มีแท็ก
คุณยังไม่ได้ล็อกอิน คุณสามารถมีกิจกรรมร่วมกับเว็บไซต์ได้ แต่ต้องล็อกอินก่อน ::
  ล็อกอิน

รายการสื่อสารสนเทศ

ลำดับที่ ประเภท เลขเรียก/บาร์โค้ด สถานที่ สถานะ
1. นวนิยาย
นวนิยาย
นว. Y11จ ฉ.1 
  Barcode: 019593
ห้องสมุดวิทยาเขตสวรรค์ประชารักษ์
►นวนิยาย
บนชั้น
  ขอยืม
Note: มี 2 เล่ม

รายการใกล้เคียง
    ผู้แต่ง [Yong Sok-gil]

BibComment


ยังไม่เคยถูกคอมเมนท์

คอมเมนท์ทรัพยากรรายการนี้
  คอมเมนท์: เจ้าพ่อเลือดทรนง ..


 Copyright 2026. Bcnsprnw @Library